Kvantitatívne metódy v ekonómii medzinárodný vedecký seminár : Nitra, december 2004
Saved in:
| Corporate Authors: | , , , |
|---|---|
| Other Authors: | , |
| Format: | Book |
| Language: | Slovak Czech |
| Published: |
Bratislava
Slovenská štatistická a demografická spoločnosť
2004
|
| Subjects: | |
| Tags: |
No Tags, Be the first to tag this record!
|
MARC
| LEADER | 00000nam$a2200000$$$4500 | ||
|---|---|---|---|
| 001 | 0028950 | ||
| 005 | 20240502071432.6 | ||
| 020 | |a 80-88946-40-9 | ||
| 041 | 0 | |a slo | |
| 041 | 0 | |a cze | |
| 044 | |a SK | ||
| 245 | 1 | 0 | |a Kvantitatívne metódy v ekonómii |b medzinárodný vedecký seminár : Nitra, december 2004 |c zostavili: Ivan Brezina, Jozef Chajdiak |
| 264 | 1 | |a Bratislava |b Slovenská štatistická a demografická spoločnosť |c 2004 | |
| 300 | |a 284 s. | ||
| 610 | 2 | 0 | |a veda ekonomická |
| 610 | 2 | 0 | |a metódy kvantitatívne |
| 610 | 2 | 0 | |a ekonómia matematická |
| 610 | 2 | 0 | |a modely |
| 610 | 2 | 0 | |a zemiaky |
| 610 | 2 | 0 | |a trh |
| 610 | 2 | 0 | |a siete neurónové |
| 610 | 2 | 0 | |a poľnohospodárstvo |
| 610 | 2 | 0 | |a výskum |
| 610 | 2 | 0 | |a nezamestnanosť |
| 610 | 2 | 0 | |a ukazovatele |
| 610 | 2 | 0 | |a rozhodovanie |
| 610 | 2 | 0 | |a demografia |
| 610 | 2 | 0 | |a vek |
| 610 | 2 | 0 | |a produkcia |
| 610 | 2 | 0 | |a štatistika |
| 610 | 2 | 0 | |a zelenina |
| 610 | 2 | 0 | |a ukazovatele finančné |
| 610 | 2 | 0 | |a modely regresné |
| 610 | 2 | 0 | |a rozvoj regionálny |
| 610 | 2 | 0 | |a poistenie životné |
| 610 | 2 | 0 | |a regresia |
| 610 | 2 | 0 | |a modely rastu |
| 610 | 2 | 0 | |a analýza korelačná |
| 610 | 2 | 0 | |a ženy |
| 610 | 2 | 0 | |a emisie |
| 610 | 2 | 0 | |a doprava |
| 610 | 2 | 0 | |a riziko |
| 610 | 2 | 0 | |a inovácia |
| 610 | 2 | 0 | |a segmentácia trhu |
| 610 | 2 | 0 | |a spotreba potravín |
| 610 | 2 | 0 | |a rady časové |
| 610 | 2 | 0 | |a družstvá poľnohospodárske |
| 610 | 2 | 0 | |a výskum |
| 610 | 2 | 0 | |a spracovanie dát |
| 610 | 2 | 0 | |a marketing |
| 610 | 2 | 0 | |a regióny |
| 610 | 2 | 0 | |a softvér |
| 610 | 2 | 0 | |a automobily |
| 610 | 2 | 0 | |a simulácia |
| 610 | 2 | 0 | |a predaj |
| 610 | 2 | 0 | |a Slovensko |
| 610 | 2 | 0 | |a Česko |
| 610 | 2 | 0 | |a Európa |
| 700 | 1 | |a Brezina, Ivan, 1963- | |
| 700 | 1 | |a Chajdiak, Jozef | |
| 110 | 2 | |a Kvantitatívne metódy v ekonómii. Medzinárodný vedecký seminár | |
| 710 | 2 | |a Slovenská poľnohospodárska univerzita v Nitre. Fakulta ekonomiky a manažmentu | |
| 710 | 2 | |a Slovenská štatistická a demografická spoločnosť | |
| 710 | 2 | |a Slovenská spoločnosť pre operačný výskum | |